Ciudades más visitadas del mundo. - Estadísticas

Estadísticas generales
  • Esta prueba ha sido intentada 256 veces
  • La puntuación promedio es 12 de 20
Estadísticas de respuestas
País Ciudad % Correcto
2 Francia París
100%
3 Reino Unido Londres
98%
9 Japón Tokio
96%
17 España Barcelona
95%
7 Estados Unidos Nueva York
94%
8 Turquía Estambul
87%
11 Corea del Sur Seúl
87%
4 Émiratos Arabes Dubái
85%
1 Tailandia Bangkok
84%
5 Singapur Singapur
77%
16 Italia Milán
76%
6 Malasia Kuala Lumpur
64%
12 Japón Osaka
54%
20 China Hong Kong
39%
19 Indonesia Bali
34%
13 Arabia Saudita La Meca
31%
18 España Palma de Mallorca
21%
14 Tailandia Phuket
8%
15 Tailandia Pattaya
4%
10 Turquía Antalaya
1%
No se encontraron pruebas coincidentes
Distribución de puntuación
Porcentaje de gente con cada puntuación
Porcentaje por número respondido
Historial de tus puntuaciones
No has intentado esta prueba.